Land Acquisition Act,1960 : (No. 34 of 1960)

Bibliographic Details
Corporate Author: Malaysia
Format: Book
Language:English
Published: Kuala Lumpur : MDC Sdn. Bhd. , 1985
Edition:Revised 1985
Series:Malaysia
Subjects:

MARC

LEADER 00000cam a2200000 7i4500
001 0000001601
005 20240924.0
008 991126 my eng
020 |a 9677000144 (pbk) 
040 |a INS 
090 0 0 |a KPG2544.31960.A4   |b M34 1985 
110 1 |a Malaysia 
245 1 0 |a Land Acquisition Act,1960 :   |b (No. 34 of 1960) 
250 |a Revised 1985 
260 |a Kuala Lumpur :   |b MDC Sdn. Bhd. ,   |c 1985 
300 |a iv, 49 p. ;   |c 25 cm. 
490 0 |a Malaysia 
650 0 |a Land tenure   |z Malaysia   |x Law and legislations 
999 |a 0000000363   |b BOOK   |c Acts   |e Default branch 
999 |a 0000000559   |b BOOK   |c Acts   |e Default branch